000 00368nam a2200145Ia 4500
008 230312s9999||||xx |||||||||||||| ||und||
082 _a621.38
_bGUP-C
100 _aGupta, B.R
245 0 _aConsumer Electronics
260 _bS.K. Kataria
_aDelhi
_c2005
300 _a389
546 _aEng.
650 _aEngineering
_vRadio Waves, Sound waves, Amplifiers
942 _cBK
999 _c1548
_d1548